| 000 | 00675nam a2200193 i 4500 | ||
|---|---|---|---|
| 001 | 187763 | ||
| 003 | ES-MaACL | ||
| 005 | 20230906223025.0 | ||
| 008 | 180214s1931 fr |||| | fre d | ||
| 245 | 0 | 0 |
_aMusées _b: [enquète internationale sur la rèforme des galeries publiques / _cdirigée par G. Wildenstein]. |
| 260 |
_aParis : _bLes Beaux-Arts, [1931?] |
||
| 300 |
_a393 p., 44 lám. ; _c20 cm. |
||
| 490 | 1 |
_aLes cahiers de la république des lettres ; _v13 |
|
| 650 | 4 |
_aMuseos. _915363 |
|
| 700 | 1 |
_aWildenstein, Georges. _9116827 |
|
| 830 | 0 |
_aLes cahiers de la république des lettres ; _v13 _9225618 |
|
| 852 |
_aES-MaACL _jA-388 |
||
| 999 |
_c187763 _d187763 |
||